Riconosci il Pokémon - Quiz n°775 - Statistics

Statistiche generali
  • Questo quiz è stato fatto 2 volte
  • Il punteggio medio è 10 su 10
Statistiche sulle risposte
Indizio Riposta % Corretto
Altezza 1,2 m
100%
Tasso di cattura 45 (11.9%)
100%
Peso 55,0 kg
100%
Sesso 87.5% ♂, 12.5% ♀
100%
Abilità Aiutofuoco; Ferropugno
100%
Tipo Fuoco / Lotta
100%
Pokémon Infernape
100%
Tasso di allevamento Medio-Lento
100%
Generazione Quarta
100%
Stadio evoluzione Seconda evoluzione
100%
Nessun quiz corrispondente trovato
Distribuzione punteggi
Percentuale di utenti per punteggio
Percentile per numero di risposta
I tuoi punteggi nel tempo
Non hai fatto questo quiz